| 000 | 00668nam a2200181 a 4500 | ||
|---|---|---|---|
| 005 | 20210219160246.0 | ||
| 008 | 081001s1993 mx r 000 0 spa d | ||
| 035 | _aUPN01000161681 | ||
| 049 | _aUNE | ||
| 080 | _a378 (436) =20 "1993" DIV. | ||
| 245 | 0 | 0 |
_aDiversification of higher education in Austria : _bbackground report for the OECDreview ; a short version. |
| 260 |
_aVienna : _bFederal Ministry of Education and Arts, _c1993. |
||
| 300 | _a39 p. | ||
| 690 | _aEnseƱanza superior- Austria | ||
| 710 | 1 | _aAustria. Federal Ministry of Education and Arts | |
| 710 | 2 | _aOECD. Organisation for Economic Co-operation and Development (Francia) | |
| 905 | _aUNESCO | ||
| 999 |
_c133794 _d133794 |
||